| 000 | nam a22 a 4500 | ||
|---|---|---|---|
| 999 |
_c3363 _d3363 |
||
| 003 | AKMAL | ||
| 005 | 20170522122555.0 | ||
| 008 | 170522s2009 my | e | 000 0 may d | ||
| 020 |
_a9789676121929 (kkt.) : _cRM18.00 |
||
| 020 | _a9789676021929 | ||
| 039 | 9 |
_a201008061441 _bmanoriah _c200905250949 _danisatul _c200905222005 _dnooraini _c200904200852 _dnorsyahiza |
|
| 040 |
_aAKMAL _cAKMAL |
||
| 049 | _aklpmal | ||
| 082 | 0 | 4 |
_a658.4013 MUM _222 |
| 090 | 0 | 0 |
_a658.4013 _bMUM |
| 090 | 2 | 0 |
_a658.4013 _bMUM |
| 100 | 0 |
_aMumtaz Begam Abdul Kadir _96436 |
|
| 245 | 1 | 0 |
_aIntegriti peningkatan kualiti organisasi / _cMumtaz Begam Abdul Kadir, Mohammed Sani Ibrahim |
| 260 |
_aKuala Lumpur : _bUtusan Publications & Distributors, _c2009 |
||
| 300 |
_a174ms. ; _c22cm. |
||
| 504 | _aBibliografi : ms. 166-170 | ||
| 650 | 1 | 0 |
_aIntegrity _9471 |
| 650 | 2 | 0 |
_aOrganization _xManagement _9558 |
| 700 | 0 |
_aMohammed Sani Ibrahim _96810 |
|
| 942 |
_2ddc _cBOOK |
||